[Event "SVK Amateur-ch 2020"]
[Site "Topolcany"]
[Date "2020.07.13"]
[Round "7.27"]
[White "Stevik, Patrik ml."]
[Black "Blazek, Milos"]
[Result "1-0"]
[WhiteElo "2047"]
[BlackElo "1970"]
[Annotator "TA"]
[PlyCount "97"]
[EventDate "2020.07.10"]
[EventType "swiss"]
[EventCountry "SVK"]
[SourceTitle "playchess.com"]
[Source "ChessBase"]
[SourceQuality "1"]

{[%evp 10,97,3,9,0,2,14,8,46,29,34,29,29,29,29,29,37,30,35,37,49,0,13,-46,-39,-101,70,-60,-27,-71,-32,-47,1,-8,89,-18,-18,-21,-23,-28,-21,-62,-18,-10,-10,-81,-83,-192,-179,-183,-73,-70,-68,-72,-70,-75,-42,-58,-62,-59,3,-4,11,35,12,4,8,6,93,87,259,168,241,241,238,236,1106,1086,1752,2345,2205,2057,1883,1698,1867,1620,29987,29988,29988,29989]} 1. b3 e5 2. Bb2 Nc6 3. e3 Nf6 4. Nf3 d6 5. d4 e4 6. Nfd2 d5 {A01: Nimzowitsch-Larsen Opening.} 7. c4 Bg4 8. Qc1 Bf5 {The position is equal.} 9. Nc3 Bb4 {[#]} 10. cxd5 $146 ({Predecessor:} 10. a3 Bxc3 11. Qxc3 O-O 12. a4 Re8 13. h3 a6 14. Be2 Ne7 15. Ba3 Be6 16. O-O {1-0 (55) Gonzalez Rodriguez,J (2336)-Vehi Bach,V (2454) Sitges 2000}) 10... Nxd5 11. Nxd5 Qxd5 12. Bc4 Qd6 13. a3 Bxd2+ 14. Qxd2 O-O 15. O-O-O Rab8 16. Kb1 (16. Qc3 $11 Ne7 17. Kb1) 16... b5 $36 {[%mdl 2048] Black has some pressure.} 17. Be2 Qd5 $2 ({Black should try} 17... b4 $17 18. axb4 Nxb4) 18. Qc2 (18. Rc1 $14 b4 19. Rc5 Qxb3 20. Bc4) 18... Be6 19. Qc3 Rb6 20. Rd2 a5 {[%cal Ba7a5,Ba5a4][%mdl 32]} 21. Rc1 Rfb8 {[#]} (21... Ne7 $11 {keeps the balance.}) 22. Bd1 (22. Qc5 $1 $16) 22... a4 23. Qc5 b4 24. Qxd5 Bxd5 25. axb4 axb3 26. Rc5 Nxb4 27. Ba3 (27. Rxc7 $11 g6 28. Rc5) 27... c6 $17 28. Be2 (28. Ra5 $17 {is a better defense.}) 28... Ra8 $19 29. Bb2 Nd3 (29... Rb7 $19 30. Bc3 Nc2) 30. Bxd3 $17 exd3 31. f3 f5 32. Rxd3 Ra2 33. Rd1 g5 34. Re1 {next e4 is good for White.} Rb5 (34... Rb7 $15) 35. Rc3 Rb6 36. e4 fxe4 37. fxe4 Bf7 $1 {[#]} 38. d5 $1 {[%mdl 512]} Be8 (38... Ra7 $11 {remains equal.}) (38... cxd5 39. Rc8+) 39. d6 $16 {Hoping for e5.} Bd7 $2 (39... Ra5 $16) 40. e5 Bf5+ (40... Be6 $142) 41. Kc1 $18 Be6 {[#]} 42. Rf1 $1 {[%cal Rf1f6]} Rba6 $2 (42... Ra8 43. Rf6 Re8) 43. Rf6 Ra1+ 44. Bxa1 Rxa1+ {[#]} 45. Kb2 $1 Ra2+ 46. Kb1 Bd5 47. Re3 Rxg2 48. d7 Rg1+ 49. Kb2 {Quite a comeback for White. Accuracy: White = 69%, Black = 42%.} 1-0

[Event "SVK Amateur-ch 2020"]
[Site "Topolcany"]
[Date "2020.07.13"]
[Round "7.28"]
[White "Wozniak, Marcin"]
[Black "Nadzamova, Viktoria"]
[Result "1-0"]
[WhiteElo "2212"]
[BlackElo "2046"]
[Annotator "TA"]
[PlyCount "51"]
[EventDate "2020.07.10"]
[EventType "swiss"]
[EventCountry "SVK"]
[SourceTitle "playchess.com"]
[Source "ChessBase"]
[SourceQuality "1"]

{[%evp 22,51,34,25,56,41,107,113,114,25,29,33,22,31,26,50,90,112,169,128,255,272,258,118,112,119,1833,1848,1606,1600,29998,29999]} 1. e4 c5 2. Nc3 e6 3. g3 Nc6 4. Bg2 g6 5. d3 Bg7 6. Be3 d6 7. f4 Nge7 8. Nf3 O-O 9. O-O a6 10. Qd2 Rb8 11. d4 cxd4 12. Nxd4 Qc7 {B25: Closed Sicilian: 3 g3, lines without early Be3.} 13. Rad1 Na5 (13... Bxd4 $14 14. Bxd4 Nxd4 15. Qxd4 Rd8) 14. b3 $1 $16 b5 {White is better.} 15. Nce2 (15. f5 $16 exf5 16. exf5 Bxf5 17. Nxf5 Nxf5 18. Nd5) 15... Bb7 $11 {[#]} 16. f5 $146 ({Predecessor:} 16. g4 e5 17. Nf3 Rbd8 18. Nc3 d5 19. Nxd5 Nxd5 20. exd5 Bxd5 21. Qf2 Qc3 22. Rd3 {1-0 (29) Mamonova,Y (2211)-Brineva,E (2139) Poltavskaya 2005}) 16... exf5 $1 17. exf5 {f6 is the strong threat.} Bxg2 18. Kxg2 Nd5 19. Bh6 $36 {[%mdl 2048] White is in control.} Rfe8 (19... Rbe8 $16) 20. Bxg7 $18 Ne3+ (20... Kxg7 $16 21. Rf3 Qb7) 21. Kg1 {Hoping for Rf3.} Kxg7 22. f6+ ({Weaker is} 22. Ne6+ Rxe6 23. fxe6 Nxf1 $14) (22. Rf3 $1 $18 {[%cal Rf3e3]} Nxd1 23. f6+ Kh8 24. Qh6 $1 {[%mdl 512]}) 22... Kh8 $16 23. Rf3 $1 {[%cal Rf3e3]} Nxd1 $4 {[%mdl 8192] [#]} (23... Ng4 $16) 24. Qh6 $1 $18 {[%csl Gf6][%cal Rh6g7][%mdl 512]} Rg8 {[#]} 25. g4 $1 {White threatens Rh3 and mate.} Qc8 {[#]} 26. Qxh7+ $1 {[%mdl 512] Accuracy: White = 65%, Black = 37%.} 1-0

[Event "SVK Amateur-ch 2020"]
[Site "Topolcany"]
[Date "2020.07.13"]
[Round "7.29"]
[White "Marsina, Stefan"]
[Black "Brnusak, Tomas"]
[Result "0-1"]
[WhiteElo "1854"]
[BlackElo "2044"]
[Annotator "TA"]
[PlyCount "58"]
[EventDate "2020.07.10"]
[EventType "swiss"]
[EventCountry "SVK"]
[SourceTitle "playchess.com"]
[Source "ChessBase"]
[SourceQuality "1"]

{[%evp 15,58,-6,0,0,32,-3,0,-44,-53,-109,-103,-109,-106,-98,-48,-100,-85,-95,-15,0,212,202,212,216,231,226,223,212,206,222,321,-127,-118,-204,-195,-196,-189,-197,-187,-231,-228,-320,-267,-29990,-29991]} 1. c4 f5 2. d4 Nf6 3. d5 g6 4. Nf3 Bg7 5. g3 c6 6. dxc6 Nxc6 7. Bg2 O-O 8. O-O d6 9. Nc3 {[#] A87: Dutch Defence: Leningrad System: 5 Nf3.} a6 $146 ({Predecessor:} 9... Bd7 10. e4 fxe4 11. Nxe4 Nxe4 12. Qd5+ e6 13. Qxe4 Qc7 14. Ng5 Rae8 15. Qh4 h6 16. Ne4 Ne7 {½-½ (77) Dotan,V (2048)-Schoene,A (2186) Bad Homburg 2005}) 10. Ng5 e6 11. e4 {The position is equal.} h6 12. exf5 (12. Nh3 $15) 12... hxg5 $17 13. fxg6 g4 14. Bg5 Qc7 15. Bxf6 ({White should try} 15. Ne4 $15) 15... Rxf6 16. Qxg4 Ne5 ({Better is} 16... Ne7 $1 $17 {Threatens to win with ...Bd7.} 17. Qh5 Rxg6) 17. Qh5 $11 Rxg6 $2 (17... Bd7 $11 18. f4 Qc5+ 19. Kh1 Nxg6 20. Qxc5 dxc5) 18. f4 $1 $18 {[%cal Rf4e5]} Bd7 19. fxe5 Be8 20. exd6 Qxd6 21. Rad1 Qb6+ 22. Kh1 $1 {Black must now prevent Nd5!} Qxb2 {[#]} (22... Rxg3 $142 23. Qe2 Rg6) 23. Qf3 $2 {[#]} ({Don't go for} 23. Be4 $2 Rh6 $19) (23. Nd5 $1 $18 {[%cal Rd5e7][%mdl 512]} Rh6 (23... exd5 24. Bxd5+) 24. Ne7+ Kh8 25. Qg5) 23... Rf6 $1 $17 {[%cal Rf6f3]} 24. Qxb7 (24. Qe4 $17 Bc6 25. Nd5 exd5 26. cxd5) 24... Qxb7 $19 25. Bxb7 Rxf1+ 26. Rxf1 Rb8 27. Be4 Bxc3 28. g4 (28. Rf3 $142 Bd4 29. Ra3) 28... Rb4 29. Bd3 $2 (29. Rc1 $19 Rxc4 30. Bf3) 29... Bc6+ {Accuracy: White = 33%, Black = 64%.} 0-1

[Event "SVK Amateur-ch 2020"]
[Site "Topolcany"]
[Date "2020.07.13"]
[Round "7.30"]
[White "Dziewonski, Dariusz"]
[Black "Mirowska, Oliwia"]
[Result "0-1"]
[WhiteElo "2029"]
[BlackElo "1898"]
[Annotator "TA"]
[PlyCount "96"]
[EventDate "2020.07.10"]
[EventType "swiss"]
[EventCountry "SVK"]
[SourceTitle "playchess.com"]
[Source "ChessBase"]
[SourceQuality "1"]

{[%evp 10,96,27,9,85,32,77,12,23,-10,45,10,19,-98,-91,-93,-99,-179,-170,-229,-221,-221,-245,-238,-225,-250,-243,-282,-275,-445,-426,-417,-414,-570,-438,-578,-567,-574,-552,-523,-410,-431,-419,-435,-427,-466,-470,-465,-465,-443,-421,-417,-407,-445,-279,-443,-435,-408,-408,-379,-354,-354,-317,-317,-310,-302,-302,-339,-247,-29973,-29975,-29975,-29976,-29977,-29978,-29977,-29978,-29980,-29976,-29976,-29977,-29977,-29978,-29977,-29978,-29989,-29988,-29990,-29991]} 1. e4 d6 2. d4 Nf6 3. Nc3 g6 4. f4 Bg7 5. Nf3 O-O 6. Bc4 a6 {[#] B09: Pirc Defence: Austrian Attack.} (6... Nxe4 $11 7. Bxf7+ (7. Nxe4 d5 $15 {[%mdl 64] Double Attack}) 7... Rxf7 8. Nxe4 Nc6) 7. Bb3 $146 (7. e5 $16) ({Predecessor:} 7. O-O b5 8. Bb3 b4 9. Ne2 Bb7 10. e5 Nd5 11. Qe1 e6 12. Bxd5 Bxd5 13. Qxb4 c5 14. dxc5 {½-½ (62) Dupuis,D (1693)-Chakanyuka,C London 2019}) 7... b5 8. a3 (8. e5 $16 Ng4 9. a4) 8... Bb7 $11 {The position is equal.} 9. Qe2 e6 (9... c5 $11) 10. O-O (10. e5 $5 {[%cal Re5f6]}) 10... Nbd7 11. f5 (11. e5 $11 {remains equal.}) 11... exf5 $17 12. exf5 c5 (12... gxf5 13. Nh4 $16) 13. dxc5 (13. fxg6 $17 {was worth a try.} hxg6 14. Ba2) 13... dxc5 14. Bf4 (14. Qf2 $142) 14... c4 $19 (14... gxf5 15. Ba2 $17) 15. Ba2 {[#]} Re8 $1 {[%cal Re8e2]} (15... gxf5 16. Nh4 $17) 16. Qd2 {[#]} Qb6+ $1 (16... gxf5 17. Rae1) 17. Kh1 Nc5 ({Don't do} 17... gxf5 18. Nh4 $17) 18. fxg6 hxg6 ({Resist} 18... fxg6 19. Qf2 $19) 19. Be3 $2 (19. Qf2 {was necessary.}) 19... Rad8 20. Bxc5 Qxc5 21. Qf2 Qc7 22. Rfe1 Ng4 23. Qg3 Qxg3 24. hxg3 Bxf3 25. Rxe8+ Rxe8 26. gxf3 Bxc3 27. bxc3 {[%mdl 4096] Endgame KRB-KRN} Nf6 28. Rd1 Re2 29. Bb1 Nh5 30. g4 Nf4 31. a4 Nh3 {aiming for ...Nf2+.} ({Not} 31... bxa4 32. Kg1 $19) 32. Rd6 (32. Rd8+ $142 Kg7 33. axb5) 32... Ng5 33. Kg1 Re1+ 34. Kf2 Rxb1 35. Rxa6 bxa4 36. Rxa4 {KRN-KR} Rb2 37. Rxc4 Rxc2+ 38. Kg3 Kf8 39. f4 $2 {[#]} (39. Kf4 $19 Ne6+ 40. Ke3) 39... Rxc3+ $1 {[%mdl 576] Deflection, Decoy. Black mates.} 40. Rxc3 {KR-KN} Ne4+ {[%mdl 64] Double Attack} 41. Kh4 Nxc3 {KN-KPP} 42. Kg5 Ne4+ 43. Kh6 Nf2 44. Kg5 Kg7 45. f5 f6+ 46. Kh4 g5+ 47. Kh5 Kf7 48. Kh6 Nxg4+ {White got outplayed after the opening. Accuracy: White = 44%, Black = 72%.} 0-1

[Event "SVK Amateur-ch 2020"]
[Site "Topolcany"]
[Date "2020.07.13"]
[Round "7.31"]
[White "Skreko, Igor"]
[Black "Giertli, Vladimir"]
[Result "0-1"]
[WhiteElo "1787"]
[BlackElo "2023"]
[Annotator "ChessBase"]
[PlyCount "46"]
[EventDate "2020.07.10"]
[EventType "swiss"]
[EventCountry "SVK"]
[SourceTitle "playchess.com"]
[Source "ChessBase"]
[SourceQuality "1"]
[TimeControl "3600+30"]

1. c4 {[%emt 0:00:00]} Nf6 {[%emt 0:00:00]} 2. Nc3 {[%emt 0:00:00]} c5 {[%emt 0:00:00]} 3. g3 {[%emt 0:00:00]} Nc6 {[%emt 0:00:17]} 4. Bg2 {[%emt 0:00:00]} g6 {[%emt 0:00:10]} 5. Rb1 {[%emt 0:00:29]} Bg7 {[%emt 0:00:12]} 6. a3 {[%emt 0:00:25]} O-O {[%emt 0:00:59]} 7. b4 {[%emt 0:01:27]} cxb4 {[%emt 0:01:33]} 8. axb4 {[%emt 0:00:08]} d6 {[%emt 0:00:26]} 9. d3 {[%emt 0:02:10]} a5 {[%emt 0:12:53]} 10. bxa5 {[%emt 0:03:16]} Qxa5 {[%emt 0:00:04]} 11. Bd2 {[%emt 0:00:13]} Ng4 {[%emt 0:03:04]} 12. Nd5 {[%emt 0:02:07]} Qc5 {[%emt 0:01:23]} 13. e3 {[%emt 0:02:44]} Ra3 {[%emt 0:04:50]} 14. d4 {[%emt 0:06:09]} Qxc4 {[%emt 0:02:26]} 15. Nb6 {[%emt 0:00:55]} Qa2 {[%emt 0:00:23]} 16. Nxc8 {[%emt 0:00:53]} Rxc8 {[%emt 0:00:01]} 17. h3 {[%emt 0:03:25]} Nf6 {[%emt 0:01:02]} 18. Rxb7 {[%emt 0:02:50]} e5 {[%emt 0:04:33]} 19. Bxc6 {[%emt 0:07:10]} Rxc6 {[%emt 0:00:18]} 20. dxe5 {[%emt 0:00:30]} Ne4 {[%emt 0:01:29]} 21. Nf3 {[%emt 0:03:41]} Rd3 {[%emt 0:05:59]} 22. Qe2 {[%emt 0:05:51]} Rxd2 {[%emt 0:02:36]} 23. Rb8+ {[%emt 0:03:29]} Bf8 {[%emt 0:00:10]} 0-1

[Event "SVK Amateur-ch 2020"]
[Site "Topolcany"]
[Date "2020.07.13"]
[Round "7.32"]
[White "Nikel, Rastislav"]
[Black "Franko, Ondrej"]
[Result "0-1"]
[WhiteElo "1982"]
[BlackElo "1968"]
[Annotator "ChessBase"]
[PlyCount "74"]
[EventDate "2020.07.10"]
[EventType "swiss"]
[EventCountry "SVK"]
[SourceTitle "playchess.com"]
[Source "ChessBase"]
[SourceQuality "1"]
[TimeControl "3600+30"]

1. d4 {[%emt 0:00:00]} d5 {[%emt 0:00:00]} 2. c4 {[%emt 0:00:00]} Bf5 {[%emt 0:00:00]} 3. Nc3 {[%emt 0:00:00]} e6 {[%emt 0:00:00]} 4. Nf3 {[%emt 0:00:34]} c6 {[%emt 0:00:27]} 5. Ne5 {[%emt 0:00:45]} Nd7 {[%emt 0:02:08]} 6. g4 {[%emt 0:02:29]} Bg6 {[%emt 0:07:22]} 7. h4 {[%emt 0:02:07]} Nxe5 {[%emt 0:00:16]} 8. dxe5 {[%emt 0:00:11]} h5 {[%emt 0:01:13]} 9. Bg5 {[%emt 0:00:55]} Be7 {[%emt 0:01:53]} 10. Bxe7 {[%emt 0:00:59]} Nxe7 {[%emt 0:00:13]} 11. g5 {[%emt 0:01:17]} d4 {[%emt 0:09:16]} 12. Nb1 {[%emt 0:01:25]} Qa5+ {[%emt 0:04:42]} 13. Nd2 {[%emt 0:04:59]} Qxe5 {[%emt 0:01:15]} 14. Qb3 {[%emt 0:01:51]} Qc7 {[%emt 0:00:47]} 15. Bg2 {[%emt 0:00:13]} O-O {[%emt 0:01:52]} 16. O-O-O {[%emt 0:00:57]} Rfd8 {[%emt 0:02:16]} 17. Nf3 {[%emt 0:03:27]} c5 {[%emt 0:03:19]} 18. e3 {[%emt 0:00:11]} dxe3 {[%emt 0:05:36]} 19. fxe3 {[%emt 0:00:41]} Nc6 {[%emt 0:01:21]} 20. a3 {[%emt 0:02:56]} Na5 {[%emt 0:01:50]} 21. Qc3 {[%emt 0:06:14]} Qb6 {[%emt 0:00:28]} 22. b4 {[%emt 0:01:16]} cxb4 {[%emt 0:01:05]} 23. axb4 {[%emt 0:04:30]} Nxc4 {[%emt 0:02:28]} 24. Rxd8+ {[%emt 0:01:01]} Rxd8 {[%emt 0:00:21]} 25. Qxc4 {[%emt 0:02:43]} Qxe3+ {[%emt 0:00:10]} 26. Kb2 {[%emt 0:00:07]} Qf2+ {[%emt 0:00:25]} 27. Ka3 {[%emt 0:03:43]} Qxg2 {[%emt 0:00:27]} 28. Ne5 {[%emt 0:01:26]} Qxh1 {[%emt 0:02:09]} 29. Qc7 {[%emt 0:01:02]} Qh3+ {[%emt 0:00:55]} 30. Ka4 {[%emt 0:00:10]} b5+ {[%emt 0:00:32]} 31. Kxb5 {[%emt 0:00:41]} Qf1+ {[%emt 0:01:34]} 32. Ka4 {[%emt 0:00:25]} Qa1+ {[%emt 0:00:45]} 33. Kb3 {[%emt 0:00:25]} Qd1+ {[%emt 0:01:04]} 34. Ka3 {[%emt 0:00:08]} Qd6 {[%emt 0:00:38]} 35. Qc3 {[%emt 0:00:49]} a5 {[%emt 0:01:02]} 36. Nc6 {[%emt 0:00:25]} Qd3 {[%emt 0:01:03]} 37. Ne7+ {[%emt 0:00:22]} Kh7 {[%emt 0:00:09]} 0-1